Making Foreign Economic Policy
Enregistré dans:
| Auteur principal: | |
|---|---|
| Format: | Livre |
| Langue: | anglais |
| Publié: |
Washington
Brookings Institution
1980
|
| Édition: | 1. ed. |
| Tags: |
Pas de tags, Soyez le premier à ajouter un tag!
|
MARC
| LEADER | 00000nam a2200000 4500 | ||
|---|---|---|---|
| 001 | c034650 | ||
| 005 | 20221220102126.9 | ||
| 041 | 0 | |a eng | |
| 044 | |a US | ||
| 245 | 1 | 0 | |a Making Foreign Economic Policy |c I.M. Destler |
| 250 | |a 1. ed. | ||
| 264 | 1 | |a Washington |b Brookings Institution |c 1980 | |
| 300 | |a 240 s. | ||
| 100 | 1 | |a Destler, I.M. | |